Score 0/14 Timer 02:00
2 Plays Today
Song Lyrics Missing word % Correct
Brown _____ packages tied up with stringsPaper
92.1%
Girls in white _______Dresses
90.1%
Crisp _____ strudelsApple
86.1%
Snowflakes that stay on my ____ and eyelashesNose
84.8%
________ on kittensWhiskers
81.8%
Warm ______ mittensWoolen
80.7%
Blue _____ sashesSatin
80.7%
Song Lyrics Missing word % Correct
_________ on rosesRaindrops
77.6%
Bright copper _______Kettles
75.3%
Doorbells and ______ bellsSleigh
71.1%
Schnitzel with _______Noodles
65.6%
Silver white _______ that melt into springsWinters
50.5%
Wild geese that fly with the ____ on their wingsMoon
46.8%
_____ colored poniesCream
34.2%

Today's Daily Dose

Missing Word
Train Books

Word Ladder
Piano Man

Quick Pick
Google Products

Get the Picture
Moana or Coco

Remove Ads.
Support Sporcle.
Get the best of Sporcle when you Go Orange. This ad-free experience offers more features, more stats, and more fun while also helping to support Sporcle. Thank you for becoming a member.

You're not logged in!

Compare scores with friends on all Sporcle quizzes.
OR
Log In

Show Comments

Extras

Top Quizzes Today


Score Distribution

Your Account Isn't Verified!

In order to create a playlist on Sporcle, you need to verify the email address you used during registration. Go to your Sporcle Settings to finish the process.

Report this User

Report this user for behavior that violates our Community Guidelines.

Details: